000 00700cad a22002415a 4500
001 L158950
008 121219e2015 xxk 000 0 eng d
035 _a(Sirsi) u158950
041 0 _aeng
100 1 _aParrett, Mike
245 0 4 _aThe whole story
260 _c2015
490 _aRICS Property Journal
_vNovember 2015, 38-41(4)
520 _aConcludes series on damp and reminds surveyors to take a holistic approach when diagnosing issues.
650 2 4 _aDAMP
650 2 4 _aGUTTERS
650 2 4 _aCHIMNEYS
650 2 4 _aDRAINAGE
651 4 _aUnited Kingdom
690 _aBuilding materials and defects
710 _aRoyal Institution of Chartered Surveyors
_94900
942 _n0
_2ddc
999 _c84745
_d84745